000 00411cam a2200181 4500
001 D8624
008 090401t1978 xxu||||| |||| 00| 0 eng d
035 _a(Sirsi) u14208
041 _aeng
050 _a352
100 _aSeeley, Ivor Hugh
245 _aLocal government explained
260 _aLondon
_bMacMillan
_c1978
300 _axv. 202p. 23cm
350 _a3.95
942 _n0
948 _c04/03/1997
999 _c87159
_d87159